The global environment and the united nations: (Record no. 193138)
[ view plain ]
| 000 -LEADER | |
|---|---|
| fixed length control field | 00712nam a22001937a 4500 |
| 005 - DATE AND TIME OF LATEST TRANSACTION | |
| control field | 20221017113922.0 |
| 010 ## - LCCN (DPL NO) | |
| LC control number | ENG-135425 |
| 020 ## - INTERNATIONAL STANDARD BOOK NUMBER | |
| International Standard Book Number | 9788121407755 |
| Terms of availability | 400.00 |
| 035 ## - SYSTEM CONTROL NUMBER | |
| System control number | EN-118957 |
| 037 ## - SOURCE OF ACQUISITION | |
| Source of stock number/acquisition | DBAD/PUB |
| 082 ## - DEWEY DECIMAL CLASSIFICATION NUMBER | |
| Classification number | 363.7 |
| 100 ## - MAIN ENTRY--PERSONAL NAME | |
| Personal name | Basu, Rumki |
| 245 ## - TITLE STATEMENT | |
| Title | The global environment and the united nations: |
| Remainder of title | with special reference to india's environmental policy/ |
| Statement of responsibility, etc | by Rumki Basu |
| 260 ## - PUBLICATION, DISTRIBUTION, ETC. (IMPRINT) | |
| Place of publication, distribution, etc | New delhi |
| Name of publisher, distributor, etc | National publishin house |
| Date of publication, distribution, etc | 2013 |
| 270 ## - ADDRESS | |
| Address | 2/35 Ansari road, Darya ganj, |
| City | New Delhi |
| Postal code | 110002 |
| Electronic mail address | nationalpublishinghouse@ymail.com |
| 300 ## - PHYSICAL DESCRIPTION | |
| Extent | 184p. |
| Dimensions | 22cm(hbk) |
| Other physical details | References, Annexures, Bibliography & index |
| 650 ## - SUBJECT ADDED ENTRY--TOPICAL TERM | |
| Topical term or geographic name as entry element | United Nations |
| 942 ## - ADDED ENTRY ELEMENTS (KOHA) | |
| Source of classification or shelving scheme | Dewey Decimal Classification |
| Item type | English Books |
| Call number suffix | BAS |
| Classification part | 363.7 |
| Withdrawn status | Lost status | Not for loan | Collection code | Home library | Current library | Date acquired | Source of acquisition | Cost, normal purchase price | Full call number | Barcode | Copy number | Cost, replacement price | Koha item type |
|---|---|---|---|---|---|---|---|---|---|---|---|---|---|
| Non-fiction | Bawana | Bawana | 17/10/2022 | DBAD | 400.00 | 363.7 BAS | EN-118957 | 1 | 400.00 | English Books |
